[Event "EU-ch Seniors 65 22nd"]
[Site "Acqui Terme"]
[Date "2023.05.30"]
[Round "5"]
[White "Fischdick, Gisela"]
[Black "Brongers, Henk"]
[Result "1/2-1/2"]
[WhiteElo "2205"]
[BlackElo "2036"]
[PlyCount "67"]
[EventDate "2023.05.26"]
[EventType "swiss"]
[EventRounds "9"]
[EventCountry "ITA"]
[SourceTitle "CBM 214 Extra"]
[Source "ChessBase"]
[SourceDate "2023.07.31"]
[SourceVersion "1"]
[SourceVersionDate "2023.07.31"]
[SourceQuality "1"]

1. d4 Nf6 2. c4 g6 3. Nc3 Bg7 4. e4 d6 5. f3 0-0 6. Be3 a6 7. Qd2 Nbd7 8. Nge2 b5 9. cxb5 axb5 10. Nxb5 c6 11. Nbc3 Bb7 12. Nc1 e5 13. dxe5 Nxe5 14. Be2 Qe7 15. 0-0 Rfd8 16. Nb3 d5 17. Bc5 Qc7 18. Qe3 Re8 19. Bb6 Qb8 20. Qf2 Ba6 21. Bxa6 Rxa6 22. Bd4 dxe4 23. fxe4 Ra8 24. Rad1 Re6 25. h3 Nfd7 26. Be3 Qe8 27. Qe2 Rf6 28. Rxf6 Nxf6 29. Bg5 Nfd7 30. Be3 Qe7 31. Bf2 Qe6 32. Nd4 Qe7 33. Nb3 Qe6 34. Nd4 1/2-1/2

[Event "FRA-ch Seniors"]
[Site "Albi"]
[Date "2022.08.18"]
[Round "6"]
[White "Brongers, Henk"]
[Black "Bianchi, Guillaume"]
[Result "0-1"]
[WhiteElo "2046"]
[BlackElo "2109"]
[PlyCount "78"]
[EventDate "2022.08.13"]
[EventType "swiss"]
[EventRounds "9"]
[EventCountry "FRA"]
[SourceTitle "CBM 210 Extra"]
[Source "ChessBase"]
[SourceDate "2022.11.30"]
[SourceVersion "1"]
[SourceVersionDate "2022.11.30"]
[SourceQuality "1"]

1. e4 c5 2. Nf3 d6 3. d4 cxd4 4. Nxd4 Nf6 5. Nc3 a6 6. Bc4 e6 7. 0-0 Be7 8. Qf3 Qc7 9. Bb3 b5 10. Qg3 0-0 11. Bh6 Ne8 12. Rad1 Bd7 13. Be3 Nc6 14. f4 b4 15. Nce2 a5 16. f5 Nxd4 17. Nxd4 e5 18. Nf3 Bc6 19. Ng5 Nf6 20. Nxf7 Rxf7 21. Bh6 Bf8 22. Bg5 Nxe4 23. Qh4 Nxg5 24. Qxg5 d5 25. f6 g6 26. c4 bxc3 27. bxc3 a4 28. Bc2 e4 29. c4 Rd8 30. cxd5 Rxd5 31. Rxd5 Bxd5 32. Bxa4 Bxa2 33. Be8 Qc5+ 34. Qxc5 Bxc5+ 35. Kh1 Rc7 36. g4 e3 37. h4 e2 38. f7+ Bxf7 39. Bxf7+ Rxf7 0-1

[Event "Wch Seniors 65 29th"]
[Site "Bucharest"]
[Date "2019.11.21"]
[Round "9"]
[White "Brongers, Henk"]
[Black "Koskinen, Veikko"]
[Result "1-0"]
[WhiteElo "2056"]
[BlackElo "1892"]
[PlyCount "153"]
[EventDate "2019.11.12"]
[EventType "swiss"]
[EventRounds "11"]
[EventCountry "ROU"]
[SourceTitle "CBM 193 Extra"]
[Source "ChessBase"]
[SourceDate "2020.01.31"]
[SourceVersion "1"]
[SourceVersionDate "2020.01.31"]
[SourceQuality "1"]

1. e4 c6 2. Nc3 d5 3. Nf3 dxe4 4. Nxe4 Nf6 5. Qe2 Nxe4 6. Qxe4 Nd7 7. Bc4 Nf6 8. Ne5 e6 9. Qe2 Be7 10. b3 Qd4 11. c3 Qe4 12. d4 Qxe2+ 13. Bxe2 0-0 14. Bg5 Nd5 15. Bxe7 Nxe7 16. 0-0 Rd8 17. a4 f6 18. Nd3 b6 19. Rfe1 Kf7 20. b4 Ba6 21. Rad1 Bxd3 22. Bxd3 Rd6 23. Bc4 Nd5 24. Rd3 Rc8 25. Ra1 Rc7 26. Rc1 Rd8 27. h4 g6 28. g3 h5 29. Kf1 f5 30. Ke1 Kf6 31. f4 Rb8 32. Kd2 Rbc8 33. Re1 Re7 34. Kc2 Ra8 35. Ba6 Rb8 36. Bc4 Ra8 37. b5 Rc8 38. bxc6 Rxc6 39. Kb3 Nc7 40. Rde3 Rd6 41. Re5 a6 42. Kb4 Rdd7 43. a5 bxa5+ 44. Rxa5 Rd8 45. Kb3 Rb8+ 46. Kc2 Rb6 47. Kd3 Nb5 48. Re5 Nd6 49. Bxa6 Ne4 50. Bc4 Rb2 51. Ba2 Rd2+ 52. Ke3 Rc2 53. c4 Rc3+ 54. Ke2 Rb7 55. Reb5 Rd7 56. d5 Nxg3+ 57. Ke1 Ne4 58. Ra6 Kg7 59. Rbb6 Re3+ 60. Kd1 Nc5 61. Ra5 Ne4 62. Kc1 exd5 63. cxd5 Rc7+ 64. Kb2 Re2+ 65. Ka3 Nc3 66. Bb3 Nb1+ 67. Kb4 Re4+ 68. Kb5 Rxf4 69. d6 Nc3+ 70. Ka6 Rc8 71. Rb7+ Kh6 72. d7 Rd8 73. Re5 Rd4 74. Re7 Ra8+ 75. Kb6 Rb4+ 76. Kc6 Rd4 77. d8Q 1-0

[Event "Wch Seniors 65 29th"]
[Site "Bucharest"]
[Date "2019.11.14"]
[Round "3"]
[White "Cornea, Alexandru"]
[Black "Brongers, Henk"]
[Result "1/2-1/2"]
[WhiteElo "1675"]
[BlackElo "2056"]
[PlyCount "168"]
[EventDate "2019.11.12"]
[EventType "swiss"]
[EventRounds "11"]
[EventCountry "ROU"]
[SourceTitle "CBM 193 Extra"]
[Source "ChessBase"]
[SourceDate "2020.01.31"]
[SourceVersion "1"]
[SourceVersionDate "2020.01.31"]
[SourceQuality "1"]

1. c4 Nf6 2. Nc3 g6 3. g3 Bg7 4. Bg2 0-0 5. Nf3 d6 6. d4 Nc6 7. 0-0 Bf5 8. Re1 Ne4 9. e3 e5 10. Nh4 Nxc3 11. bxc3 Bd7 12. Rb1 Rb8 13. Ba3 Re8 14. c5 dxc5 15. Bxc5 b6 16. Ba3 e4 17. Bh1 g5 18. Ng2 Bf5 19. Rb5 Qd7 20. c4 Rbd8 21. Rd5 Qe6 22. Rxd8 Rxd8 23. Qc2 Bxd4 24. Rd1 Bf6 25. Rxd8+ Bxd8 26. c5 Ne5 27. Ne1 Nc4 28. Qd1 Bf6 29. Bc1 Kg7 30. cxb6 axb6 31. Bg2 c5 32. Qc2 Bg6 33. Bf1 Ne5 34. Qa4 Nd3 35. Bd2 c4 36. Qc2 b5 37. Bc3 g4 38. Ng2 Bxc3 39. Qxc3+ Qf6 40. Qc2 c3 41. a3 Nxf2 42. Nf4 Nd3 43. Nd5 Qc6 44. Qxc3+ Qxc3 45. Nxc3 b4 46. axb4 Nxb4 47. Kf2 Kf6 48. Bc4 Ke5 49. Nb5 f6 50. Nd4 Be8 51. Bg8 Nd3+ 52. Ke2 h6 53. Bc4 Nc5 54. Kd2 Bd7 55. Kc3 Bc8 56. Kd2 Ba6 57. Bxa6 Nxa6 58. Nc6+ Kf5 59. Nd4+ Kg6 60. Ke2 Nc5 61. Kd2 Nd3 62. Ke2 Ne5 63. Kf2 Nf3 64. Ne2 Nxh2 65. Nf4+ Kf5 66. Nh5 Nf3 67. Nf4 Ne5 68. Ke2 Ng6 69. Ng2 h5 70. Kf2 Kg5 71. Kg1 Ne7 72. Nf4 Nf5 73. Ne6+ Kh6 74. Kf2 h4 75. gxh4 Kh5 76. Nc5 g3+ 77. Kg2 Kxh4 78. Nxe4 Nxe3+ 79. Kf3 g2 80. Kf2 f5 81. Ng3 Kh3 82. Ne2 Kg4 83. Kxe3 f4+ 84. Kf2 f3 1/2-1/2

[Event "Wch Seniors 50 28th"]
[Site "Bled"]
[Date "2018.11.25"]
[Round "7"]
[White "Resika, Nathan A"]
[Black "Brongers, Henk"]
[Result "1-0"]
[WhiteElo "2124"]
[BlackElo "2016"]
[PlyCount "63"]
[EventDate "2018.11.18"]
[EventType "swiss"]
[EventRounds "11"]
[EventCountry "SLO"]
[SourceTitle "CBM 187 Extra"]
[Source "ChessBase"]
[SourceDate "2018.11.04"]
[SourceVersion "1"]
[SourceVersionDate "2018.11.04"]
[SourceQuality "1"]

1. c4 e5 2. g3 d6 3. Nc3 g6 4. Bg2 Bg7 5. d3 Nf6 6. Nf3 0-0 7. 0-0 Nc6 8. Rb1 a5 9. a3 Nd4 10. b4 axb4 11. axb4 Nxf3+ 12. Bxf3 c6 13. Bg5 Be6 14. Qb3 Qd7 15. b5 h6 16. Bxf6 Bxf6 17. Rfc1 Bg5 18. Rc2 f5 19. Ra2 f4 20. Rba1 Rxa2 21. Rxa2 fxg3 22. hxg3 Bg4 23. bxc6 bxc6 24. Bxg4 Qxg4 25. Ne4 Qf5 26. Ra1 Qf7 27. Qb6 d5 28. Nxg5 hxg5 29. Ra7 Qf5 30. cxd5 cxd5 31. e3 Qh3 32. Qxg6+ 1-0

[Event "Wch Seniors 50 28th"]
[Site "Bled"]
[Date "2018.11.19"]
[Round "2"]
[White "Ring, Rudolf"]
[Black "Brongers, Henk"]
[Result "1/2-1/2"]
[WhiteElo "1745"]
[BlackElo "2016"]
[PlyCount "71"]
[EventDate "2018.11.18"]
[EventType "swiss"]
[EventRounds "11"]
[EventCountry "SLO"]
[SourceTitle "CBM 187 Extra"]
[Source "ChessBase"]
[SourceDate "2018.11.04"]
[SourceVersion "1"]
[SourceVersionDate "2018.11.04"]
[SourceQuality "1"]

1. e4 c6 2. Nc3 d5 3. exd5 cxd5 4. d4 Nf6 5. Bf4 a6 6. Nf3 Nc6 7. Ne5 Qb6 8. Nxc6 Qxc6 9. Bd3 Bg4 10. f3 Bh5 11. Ne2 Bg6 12. b3 e6 13. 0-0 Rc8 14. c3 Bd6 15. Rc1 Nh5 16. Bg5 f6 17. Be3 Qc7 18. g3 Bxd3 19. Qxd3 b5 20. f4 f5 21. Rc2 Nf6 22. Rfc1 Ba3 23. Rb1 Be7 24. Bd2 h5 25. a4 Qc6 26. axb5 axb5 27. Ra1 Ne4 28. Be1 g5 29. Rca2 Kf7 30. Ra6 Qe8 31. Ra7 g4 32. Rb7 Nd6 33. Rba7 h4 34. R1a6 Kg6 35. Qe3 Bf8 36. Qe5 1/2-1/2

[Event "Wch Seniors 50 27th"]
[Site "Acqui Terme"]
[Date "2017.11.07"]
[Round "1"]
[White "Jhunjhnuwala, Krishan"]
[Black "Brongers, Henk"]
[Result "1-0"]
[WhiteElo "2340"]
[BlackElo "2022"]
[PlyCount "109"]
[EventDate "2017.11.07"]
[EventType "swiss"]
[EventRounds "11"]
[EventCountry "ITA"]
[SourceTitle "CBM 181 Extra"]
[Source "ChessBase"]
[SourceDate "2017.12.12"]
[SourceVersion "1"]
[SourceVersionDate "2017.12.12"]
[SourceQuality "1"]

1. e4 c6 2. d4 d5 3. Nc3 dxe4 4. Nxe4 Nf6 5. Ng3 h5 6. h4 Bg4 7. f3 Qc7 8. N1e2 Bc8 9. Qd3 e5 10. Bg5 Be6 11. dxe5 Qxe5 12. 0-0-0 Nbd7 13. Bf4 Qd5 14. Qxd5 Nxd5 15. c4 Nxf4 16. Nxf4 Nf6 17. Nxe6 fxe6 18. Ne2 Bc5 19. Kc2 e5 20. Nc3 Kf7 21. Bd3 Rad8 22. Rhf1 g6 23. Rde1 Rhe8 24. g4 Bb4 25. g5 Nd7 26. f4 Bxc3 27. Kxc3 exf4 28. Rxf4+ Kg7 29. Rxe8 Rxe8 30. b4 c5 31. a3 b6 32. Be4 Re7 33. Bd5 Ne5 34. bxc5 bxc5 35. Kb3 Ng4 36. Ka4 Ne3 37. Kb5 Rc7 38. Re4 Nf5 39. Ka6 Kf8 40. a4 Ne7 41. Rf4+ Nf5 42. Be4 Rf7 43. Bxf5 Rxf5 44. Re4 Rf1 45. Kxa7 Rd1 46. Re5 Rd4 47. Rxc5 Rxh4 48. Kb6 Re4 49. a5 h4 50. a6 h3 51. a7 Re6+ 52. Rc6 Re8 53. Rxg6 h2 54. Rh6 Re6+ 55. Kb5 1-0

[Event "FRA-ch op Senior"]
[Site "Agen"]
[Date "2016.??.??"]
[Round "4"]
[White "Goldenberg, Richard"]
[Black "Brongers, Henk"]
[Result "0-1"]
[WhiteElo "2228"]
[BlackElo "2059"]
[PlyCount "68"]
[EventDate "2016.08.12"]
[EventType "swiss"]
[EventRounds "9"]
[EventCountry "FRA"]
[SourceTitle "EXT 2017"]
[Source "ChessBase"]
[SourceDate "2016.10.25"]
[SourceVersion "1"]
[SourceVersionDate "2016.10.25"]
[SourceQuality "1"]

1. d4 Nf6 2. Nf3 g6 3. c4 Bg7 4. Nc3 0-0 5. Bg5 d6 6. e3 h6 7. Bh4 g5 8. Bg3 Nh5 9. Bd3 e6 10. Nd2 Nxg3 11. hxg3 c5 12. d5 Na6 13. a3 Nc7 14. Qc2 f5 15. f4 exd5 16. cxd5 Rb8 17. Nf3 b5 18. fxg5 c4 19. Be2 hxg5 20. Rh5 g4 21. Nh4 Qe8 22. Bxg4 Qxe3+ 23. Ne2 c3 24. Bxf5 Re8 25. Bh7+ Kf8 26. Ng6+ Kf7 27. Nh8+ Rxh8 28. Qg6+ Kf8 29. Rd1 c2 30. Qxc2 Bg4 31. Rf5+ Bxf5 32. Qxf5+ Ke7 33. Rc1 Ne8 34. Kd1 Qe5 0-1

[Event "Bouches du Rhone-ch 1415"]
[Site "Vitrolles"]
[Date "2015.04.04"]
[Round "8"]
[White "Baroyan, Davit"]
[Black "Brongers, Henk"]
[Result "1/2-1/2"]
[WhiteElo "1734"]
[BlackElo "1997"]
[PlyCount "52"]
[EventDate "2014.10.04"]
[EventType "tourn"]
[EventRounds "9"]
[EventCountry "FRA"]
[SourceTitle "EXT 2016"]
[Source "ChessBase"]
[SourceDate "2015.10.08"]
[SourceVersion "1"]
[SourceVersionDate "2015.10.08"]
[SourceQuality "1"]

1. d4 Nf6 2. c4 g6 3. Nc3 Bg7 4. e4 d6 5. Bd3 e5 6. d5 Na6 7. Nge2 Nc5 8. Bc2 a5 9. 0-0 0-0 10. h3 Ne8 11. Be3 f5 12. exf5 gxf5 13. f4 Qe7 14. Rf3 Ne4 15. Bxe4 fxe4 16. Rg3 Nf6 17. fxe5 dxe5 18. Bh6 Rf7 19. Bxg7 Rxg7 20. Kh2 Bf5 21. Rxg7+ Kxg7 22. Ng3 Bg6 23. Qe2 Qc5 24. Ngxe4 Nxe4 25. Nxe4 Qd4 26. Ng3 Rf8 1/2-1/2

[Event "Bouches du Rhone-ch 1415"]
[Site "Vitrolles"]
[Date "2015.02.07"]
[Round "6"]
[White "Charvein, Gabriel"]
[Black "Brongers, Henk"]
[Result "0-1"]
[WhiteElo "1883"]
[BlackElo "1997"]
[PlyCount "64"]
[EventDate "2014.10.04"]
[EventType "tourn"]
[EventRounds "9"]
[EventCountry "FRA"]
[SourceTitle "EXT 2016"]
[Source "ChessBase"]
[SourceDate "2015.10.08"]
[SourceVersion "1"]
[SourceVersionDate "2015.10.08"]
[SourceQuality "1"]

1. d4 Nf6 2. c4 g6 3. Nc3 Bg7 4. e4 d6 5. Nf3 0-0 6. Be2 e5 7. 0-0 Na6 8. Be3 c6 9. Ne1 exd4 10. Bxd4 Nc5 11. e5 Nfe4 12. Nxe4 Nxe4 13. exd6 Qxd6 14. Bxg7 Qxd1 15. Rxd1 Kxg7 16. Bf3 Re8 17. Rd4 Ng5 18. h4 Ne6 19. Rd6 Nc5 20. b4 Ne4 21. Rd4 Nc3 22. a3 a5 23. Nd3 axb4 24. axb4 Ra2 25. Rc1 Ne2+ 26. Bxe2 Rexe2 27. Re1 Red2 28. Re3 Ra1+ 29. Kh2 Rad1 30. g4 Rxf2+ 31. Kg3 Rfd2 32. Kf4 h5 0-1

[Event "FRA-ch Seniors"]
[Site "Saint Quentin"]
[Date "2015.??.??"]
[Round "9"]
[White "Andrieu, Philippe"]
[Black "Brongers, Henk"]
[Result "0-1"]
[WhiteElo "1840"]
[BlackElo "2017"]
[PlyCount "124"]
[EventDate "2015.08.09"]
[EventType "swiss"]
[EventRounds "11"]
[EventCountry "FRA"]
[SourceTitle "EXT 2016"]
[Source "ChessBase"]
[SourceDate "2015.10.08"]
[SourceVersion "1"]
[SourceVersionDate "2015.10.08"]
[SourceQuality "1"]

1. c4 Nf6 2. d4 g6 3. Nc3 Bg7 4. Nf3 0-0 5. g3 d6 6. Bg2 Nc6 7. 0-0 Bf5 8. Re1 Ne4 9. Nh4 Nxc3 10. bxc3 Bd7 11. e4 e5 12. d5 Na5 13. Qd3 b6 14. Be3 Bc8 15. c5 dxc5 16. c4 Nb7 17. Rac1 Nd6 18. Qd2 Bf6 19. Bh6 Re8 20. Nf3 Ba6 21. Bf1 Qd7 22. Ng5 Bh8 23. Bh3 Qd8 24. Qe2 Bc8 25. Bxc8 Rxc8 26. h4 Bg7 27. Bxg7 Kxg7 28. Kg2 h6 29. Nf3 f5 30. exf5 e4 31. Qb2+ Qf6 32. Qxf6+ Kxf6 33. Nd2 gxf5 34. Rc3 Re7 35. Rce3 c6 36. dxc6 Rxc6 37. Kf1 Rc8 38. f3 Rce8 39. Kf2 h5 40. a4 Re5 41. a5 exf3 42. axb6 axb6 43. Kxf3 Rxe3+ 44. Rxe3 Rxe3+ 45. Kxe3 b5 46. cxb5 Nxb5 47. Nc4 Nc3 48. Kf4 Nd5+ 49. Kf3 Ke6 50. Nd2 Ke5 51. Ke2 Kd4 52. Nb3+ Kc4 53. Nd2+ Kc3 54. Nb1+ Kb4 55. Kd3 f4 56. gxf4 Nxf4+ 57. Ke4 Ng2 58. Nd2 Nxh4 59. Kf4 Ng6+ 60. Ke3 h4 61. Kd3 h3 62. Nf3 Ne5+ 0-1

[Event "FRA-ch Seniors"]
[Site "Saint Quentin"]
[Date "2015.??.??"]
[Round "10"]
[White "Letzelter, Jean Claude"]
[Black "Brongers, Henk"]
[Result "0-1"]
[WhiteElo "2103"]
[BlackElo "2017"]
[PlyCount "84"]
[EventDate "2015.08.09"]
[EventType "swiss"]
[EventRounds "11"]
[EventCountry "FRA"]
[SourceTitle "EXT 2016"]
[Source "ChessBase"]
[SourceDate "2015.10.08"]
[SourceVersion "1"]
[SourceVersionDate "2015.10.08"]
[SourceQuality "1"]

1. b4 e5 2. Bb2 Bxb4 3. Bxe5 Nf6 4. a3 Ba5 5. c4 0-0 6. e3 d5 7. Nf3 Re8 8. Bb2 c5 9. cxd5 Nxd5 10. Be2 Nc6 11. 0-0 Bg4 12. Qc2 Nf4 13. exf4 Rxe2 14. Ng5 g6 15. Qc4 Qe7 16. Nc3 Bxc3 17. Qxc3 Nd4 18. Qg3 h6 19. Nxf7 Qxf7 20. Bxd4 cxd4 21. Qxg4 Rxd2 22. Rae1 Re8 23. Rxe8+ Qxe8 24. f5 g5 25. h4 Qe2 26. Qg3 d3 27. Qb8+ Kf7 28. Qxb7+ Kf6 29. hxg5+ hxg5 30. g3 Rc2 31. Qh7 Qe8 32. Kh2 Qf7 33. Qh6+ Kxf5 34. Rb1 Rxf2+ 35. Kg1 Kg4 36. Rb4+ Kf3 37. Qxg5 Rg2+ 38. Kh1 Rxg3 39. Qh4 Qf5 40. Kh2 Qe5 41. Re4 Rg2+ 42. Kh1 Qxe4 0-1

[Event "Bouches du Rhone-ch 1415"]
[Site "Vitrolles"]
[Date "2014.12.20"]
[Round "4"]
[White "Brongers, Henk"]
[Black "Montanelli, Tristan"]
[Result "1-0"]
[WhiteElo "1997"]
[BlackElo "1733"]
[PlyCount "69"]
[EventDate "2014.10.04"]
[EventType "tourn"]
[EventRounds "9"]
[EventCountry "FRA"]
[SourceTitle "EXT 2016"]
[Source "ChessBase"]
[SourceDate "2015.10.08"]
[SourceVersion "1"]
[SourceVersionDate "2015.10.08"]
[SourceQuality "1"]

1. e4 c5 2. Nf3 d6 3. d4 cxd4 4. Nxd4 Nf6 5. Nc3 Nc6 6. Bc4 Qb6 7. Nxc6 bxc6 8. 0-0 e6 9. Qe2 Be7 10. e5 dxe5 11. Qxe5 0-0 12. Bb3 Nd5 13. Ne4 Ba6 14. c4 Qc7 15. Qxc7 Nxc7 16. Bf4 Rac8 17. Rfd1 Rfd8 18. Rxd8+ Bxd8 19. Rd1 Bf6 20. Nc5 e5 21. Be3 Rd8 22. Rxd8+ Bxd8 23. Nxa6 Nxa6 24. Bxa7 Be7 25. Ba4 c5 26. a3 Bd6 27. Bb5 Nc7 28. a4 Kf8 29. a5 Ke7 30. Bc6 Na6 31. Bb7 Nb8 32. a6 Kd7 33. Bb6 Nxa6 34. Bxa6 Kc6 35. Ba5 1-0

[Event "Bouches du Rhone-ch 1415"]
[Site "Vitrolles"]
[Date "2014.11.08"]
[Round "2"]
[White "Brongers, Henk"]
[Black "Busson, Benoist"]
[Result "0-1"]
[WhiteElo "1997"]
[BlackElo "1944"]
[PlyCount "72"]
[EventDate "2014.10.04"]
[EventType "tourn"]
[EventRounds "9"]
[EventCountry "FRA"]
[SourceTitle "EXT 2016"]
[Source "ChessBase"]
[SourceDate "2015.10.08"]
[SourceVersion "1"]
[SourceVersionDate "2015.10.08"]
[SourceQuality "1"]

1. Nf3 Nc6 2. e4 e5 3. Bc4 Nf6 4. d3 d5 5. exd5 Nxd5 6. 0-0 Nb6 7. Bb3 Bg4 8. h3 Bh5 9. Nc3 Bd6 10. Ne4 0-0 11. Ng3 Bxf3 12. Qxf3 Na5 13. Bd2 Nxb3 14. axb3 c6 15. b4 a6 16. c4 Bc7 17. Nf5 Kh8 18. Bc3 Qg5 19. Rfe1 f6 20. b3 Rfe8 21. Re2 Nd7 22. Rae1 Qg6 23. h4 Nf8 24. Re4 Qf7 25. h5 Ne6 26. Rh4 Rad8 27. g3 Ng5 28. Qe2 Qd7 29. Qg4 Qxd3 30. Rc1 Qf3 31. h6 g6 32. Ne3 Kg8 33. Kf1 Qxg4 34. Nxg4 Kf7 35. f4 Nf3 36. Rh1 f5 0-1

[Event "Salon de Provence op 5th"]
[Site "Salon de Provence"]
[Date "2014.07.13"]
[Round "9"]
[White "Rayne, Remy"]
[Black "Brongers, Henk"]
[Result "1/2-1/2"]
[WhiteElo "1936"]
[BlackElo "2027"]
[PlyCount "50"]
[EventDate "2014.07.05"]
[EventType "swiss"]
[EventRounds "9"]
[EventCountry "FRA"]
[SourceTitle "EXT 2015"]
[Source "ChessBase"]
[SourceDate "2014.11.20"]
[SourceVersion "1"]
[SourceVersionDate "2014.11.20"]
[SourceQuality "1"]

1. Nf3 Nf6 2. c4 g6 3. g3 Bg7 4. Bg2 0-0 5. 0-0 d6 6. Nc3 e5 7. d3 Nc6 8. Rb1 a5 9. a3 Nd4 10. b4 axb4 11. axb4 c6 12. e3 Ne6 13. b5 Nc5 14. d4 Nce4 15. Nxe4 Nxe4 16. Qb3 cxb5 17. cxb5 Be6 18. Qb4 Ba2 19. Ra1 exd4 20. Nxd4 Nc5 21. Ba3 Ra4 22. Qc3 Bc4 23. Bxc5 Rxa1 24. Rxa1 dxc5 25. Qxc4 cxd4 1/2-1/2

[Event "Bouches du Rhone-ch 1314"]
[Site "Vitrolles"]
[Date "2014.02.15"]
[Round "6"]
[White "Brongers, Henk"]
[Black "Girard, Jean Pierre"]
[Result "1/2-1/2"]
[WhiteElo "2085"]
[BlackElo "1847"]
[PlyCount "115"]
[EventDate "2013.10.05"]
[EventType "tourn"]
[EventRounds "7"]
[EventCountry "FRA"]
[SourceTitle "EXT 2015"]
[Source "ChessBase"]
[SourceDate "2014.11.20"]
[SourceVersion "1"]
[SourceVersionDate "2014.11.20"]
[SourceQuality "1"]

1. e4 c5 2. Nf3 d6 3. d4 cxd4 4. Nxd4 Nf6 5. Nc3 a6 6. Bc4 e6 7. Bb3 Nbd7 8. Bg5 Nc5 9. 0-0 Be7 10. Re1 0-0 11. f4 Nxb3 12. axb3 Bd7 13. e5 dxe5 14. fxe5 Nd5 15. Bxe7 Nxe7 16. Ne4 Qc7 17. Qh5 Nd5 18. c4 Nf4 19. Qg5 Ng6 20. Nf3 Bc6 21. Qh5 Bxe4 22. Rxe4 Rad8 23. b4 Rd3 24. c5 Rfd8 25. Rae1 Rd1 26. Ng5 Rxe1+ 27. Rxe1 h6 28. Nxe6 fxe6 29. Qxg6 Qd7 30. Qe4 Qd4+ 31. Qxd4 Rxd4 32. Rc1 Rxb4 33. c6 bxc6 34. Rxc6 Rxb2 35. Rxe6 a5 36. Ra6 Rb5 37. e6 Re5 38. Kf2 Kf8 39. Kf3 Ke7 40. h4 Rxe6 41. Rxa5 Kf6 42. Kf4 Rb6 43. Ra4 Rb5 44. g3 Rf5+ 45. Ke4 Re5+ 46. Kf3 Rb5 47. Rf4+ Ke6 48. Re4+ Kf6 49. g4 g6 50. Rf4+ Ke7 51. Ra4 Kf7 52. Ke4 Kf6 53. Ra6+ Kf7 54. Ra4 Ke6 55. Rd4 Ra5 56. Rb4 Re5+ 57. Kf3 Ra5 58. Ke4 1/2-1/2

[Event "Bouches du Rhone-ch 1314"]
[Site "Vitrolles"]
[Date "2014.01.18"]
[Round "5"]
[White "Busson, Benoist"]
[Black "Brongers, Henk"]
[Result "1-0"]
[WhiteElo "1924"]
[BlackElo "2085"]
[PlyCount "135"]
[EventDate "2013.10.05"]
[EventType "tourn"]
[EventRounds "7"]
[EventCountry "FRA"]
[SourceTitle "EXT 2015"]
[Source "ChessBase"]
[SourceDate "2014.11.20"]
[SourceVersion "1"]
[SourceVersionDate "2014.11.20"]
[SourceQuality "1"]

1. e4 Nf6 2. Nc3 d5 3. e5 Nfd7 4. e6 fxe6 5. d4 Nc6 6. Bd3 g6 7. h4 Bg7 8. h5 Nf8 9. hxg6 hxg6 10. Rxh8 Bxh8 11. Qg4 Nxd4 12. Bxg6+ Nxg6 13. Qxg6+ Kd7 14. Be3 c5 15. 0-0-0 Qf8 16. Nge2 Nxe2+ 17. Nxe2 b6 18. Qd3 Bb7 19. Nf4 Qf6 20. c3 Bc6 21. g3 Kc7 22. Ng6 Bg7 23. Bf4+ Kb7 24. Be5 Qf7 25. Bxg7 Qxg7 26. Re1 Qf7 27. Nf4 Rh8 28. Rxe6 Rh1+ 29. Kd2 c4 30. Qg6 Qxg6 31. Nxg6 Ba4 32. Rxe7+ Ka6 33. Re1 Rh2 34. Ke3 Kb5 35. Re2 Kc5 36. Rd2 Rh6 37. Nf4 Bc6 38. b3 a5 39. Rd4 cxb3 40. axb3 b5 41. g4 b4 42. cxb4+ axb4 43. g5 Rh1 44. Nd3+ Kd6 45. Nxb4 Bb7 46. Nd3 Rg1 47. Rb4 Bc6 48. Kf4 Bd7 49. f3 Rd1 50. Ne5 Kc5 51. Rb7 Be6 52. b4+ Kd6 53. Nf7+ Kc6 54. Nd8+ Kd6 55. Rb6+ Kc7 56. Rxe6 Kxd8 57. Ke5 d4 58. Rd6+ Ke7 59. Rxd4 Rf1 60. Rg4 Rxf3 61. g6 Rf8 62. g7 Rg8 63. b5 Kf7 64. b6 Re8+ 65. Kd6 Kg8 66. b7 Rd8+ 67. Kc7 Re8 68. b8Q 1-0

[Event "Bouches du Rhone-ch 1314"]
[Site "Vitrolles"]
[Date "2013.11.30"]
[Round "3"]
[White "Charvein, Gabriel"]
[Black "Brongers, Henk"]
[Result "1-0"]
[WhiteElo "1875"]
[BlackElo "2085"]
[PlyCount "105"]
[EventDate "2013.10.05"]
[EventType "tourn"]
[EventRounds "7"]
[EventCountry "FRA"]
[SourceTitle "EXT 2015"]
[Source "ChessBase"]
[SourceDate "2014.11.20"]
[SourceVersion "1"]
[SourceVersionDate "2014.11.20"]
[SourceQuality "1"]

1. d4 Nf6 2. c4 g6 3. Nc3 Bg7 4. e4 d6 5. Bd3 0-0 6. Nge2 e5 7. d5 a5 8. 0-0 Ng4 9. f3 Nh6 10. f4 f5 11. exf5 gxf5 12. fxe5 dxe5 13. Qe1 Kh8 14. Ng3 e4 15. Ncxe4 fxe4 16. Qxe4 Rxf1+ 17. Kxf1 Qf6+ 18. Ke1 Qe5 19. Qxe5 Bxe5 20. Bxh6 Bxb2 21. Rb1 Be5 22. Kf2 Ra6 23. Bg5 h6 24. Be7 Bd4+ 25. Kf3 Bf6 26. c5 Bxe7 27. Bxa6 Nxa6 28. Re1 Bxc5 29. Re8+ Kh7 30. Rxc8 Bd6 31. Ke4 Kg6 32. Rg8+ Kf7 33. Ra8 a4 34. Nf5 Bxh2 35. Nxh6+ Kg6 36. Ng4 Bd6 37. Ne5+ Kf6 38. Nd3 a3 39. Ra7 Nb8 40. Rxb7 Nd7 41. Rb1 Kg5 42. Rf1 Nf6+ 43. Kd4 Ng4 44. Nc5 Be5+ 45. Ke4 Bd6 46. Ne6+ Kg6 47. Rc1 Nf6+ 48. Kd4 Ne8 49. Rc3 Kf5 50. Rf3+ Kg6 51. Nc5 Nf6 52. Rxa3 Nd7 53. Ra5 1-0

[Event "Bouches du Rhone-ch 1314"]
[Site "Vitrolles"]
[Date "2013.11.10"]
[Round "2"]
[White "Brongers, Henk"]
[Black "Danielan, Kevin"]
[Result "1-0"]
[WhiteElo "2085"]
[BlackElo "1838"]
[PlyCount "57"]
[EventDate "2013.10.05"]
[EventType "tourn"]
[EventRounds "7"]
[EventCountry "FRA"]
[SourceTitle "EXT 2015"]
[Source "ChessBase"]
[SourceDate "2014.11.20"]
[SourceVersion "1"]
[SourceVersionDate "2014.11.20"]
[SourceQuality "1"]

1. e4 c5 2. Nf3 Nc6 3. d4 cxd4 4. Nxd4 g6 5. Nc3 Bg7 6. Be3 Nf6 7. Bc4 0-0 8. Bb3 Qa5 9. f3 d6 10. Qd2 Nxd4 11. Bxd4 Nd7 12. Bxg7 Kxg7 13. Nd5 Qd8 14. h4 e6 15. Qc3+ Kg8 16. Nc7 Rb8 17. Nxe6 fxe6 18. Bxe6+ Rf7 19. Bxf7+ Kxf7 20. 0-0-0 b5 21. Rxd6 a5 22. h5 Qg5+ 23. Kb1 gxh5 24. Qc7 Qxg2 25. Rxd7+ Bxd7 26. Qxd7+ Kg8 27. Qd5+ Kf8 28. Qc5+ Kf7 29. Qxh5+ 1-0

[Event "FRA-ch Veterans"]
[Site "Belfort"]
[Date "2010.??.??"]
[Round "10"]
[White "Brongers, Henk"]
[Black "Belluire, Patrice"]
[Result "1/2-1/2"]
[WhiteElo "2062"]
[BlackElo "1982"]
[PlyCount "102"]
[EventDate "2010.08.10"]
[EventType "swiss"]
[EventRounds "11"]
[EventCountry "FRA"]
[SourceTitle "CBM 138 Extra"]
[Source "ChessBase"]
[SourceDate "2010.10.29"]
[SourceVersion "1"]
[SourceVersionDate "2010.10.29"]
[SourceQuality "1"]

1. e4 d5 2. exd5 Nf6 3. Bb5+ Bd7 4. Be2 Bf5 5. d4 Nxd5 6. Nf3 e6 7. a3 Nc6 8. 0-0 Be7 9. b4 a6 10. c4 Nb6 11. Be3 Bf6 12. h3 h6 13. Nc3 0-0 14. Ra2 a5 15. b5 Ne7 16. Ne5 Bxe5 17. dxe5 Qc8 18. Bc5 Rd8 19. Rd2 Rxd2 20. Qxd2 Qe8 21. Rd1 Bh7 22. g4 Ng6 23. Qd4 Rb8 24. a4 Qc8 25. Ba3 Nf8 26. c5 Nbd7 27. Ne4 Bxe4 28. Qxe4 Qe8 29. f4 Kh8 30. g5 hxg5 31. c6 bxc6 32. bxc6 Nb6 33. fxg5 Ng6 34. h4 Rd8 35. Bd3 Rd5 36. Bb2 Qxc6 37. h5 Nf8 38. Ba3 Nbd7 39. Kh1 Qc3 40. Bxf8 Nxf8 41. h6 gxh6 42. gxh6 Ng6 43. Qf3 Qxe5 44. Rc1 Qg5 45. Rxc7 Qxh6+ 46. Kg1 Qg5+ 47. Kf1 Ne5 48. Qh3+ Kg7 49. Qh7+ Kf6 50. Qh8+ Qg7 51. Qh4+ Qg5 1/2-1/2